[Event "Sakharov Memorial 4th"]
[Site "Kiev"]
[Date "2005.07.06"]
[Round "3"]
[White "Evchin, Maxim"]
[Black "Galinsky, Timofey"]
[Result "1/2-1/2"]
[WhiteElo "2256"]
[BlackElo "2426"]
[PlyCount "89"]
[EventDate "2005.07.04"]
[EventType "tourn"]
[EventRounds "11"]
[EventCountry "UKR"]
[EventCategory "2"]
[SourceTitle "EXT 2006"]
[Source "ChessBase"]
[SourceDate "2005.11.24"]
[SourceVersion "1"]
[SourceVersionDate "2005.11.24"]
[SourceQuality "1"]

1. d4 Nf6 2. c4 e6 3. Nc3 d5 4. cxd5 exd5 5. Bg5 c6 6. e3 Be7 7. Qc2 0-0 8. Bd3 Nbd7 9. Nge2 Re8 10. 0-0 Nf8 11. Rab1 a5 12. a3 Ng4 13. Bxe7 Qxe7 14. h3 Nh6 15. Ng3 Qd6 16. b4 axb4 17. axb4 Kh8 18. Na4 Ng8 19. b5 Ne7 20. bxc6 bxc6 21. Nb6 Ra3 22. Nxc8 Rxc8 23. Nf5 Nxf5 24. Bxf5 Rc7 25. Rfc1 g6 26. Bg4 h5 27. Bf3 Nd7 28. Qb2 Raa7 29. Rc3 Kg7 30. Rbc1 Rab7 31. Qc2 Rb6 32. Rc5 Nf6 33. Qa4 Rc8 34. Qa7 Rcb8 35. Qa4 Rc8 36. Qa2 Rcb8 37. Qc2 Rc8 38. g3 Rc7 39. Kg2 Rc8 40. Qa2 Rcb8 41. Qa4 Rc8 42. Qa2 Qd8 43. Qa5 Ra8 44. Qc3 Rc8 45. Qa5 1/2-1/2